000 01193nas a2200325 4500
001 BR9210639
003 BR-BrBNA
005 20231205093413.0
007 ta
008 230509b bl.|||p| |||| 00| 00por d
040 _aBR-BrBNA
_bpor
_cBiblioteca Nacional de Agricultura
041 _a(Pt)
072 _aQ54
100 1 _aCiocca, M. de L.S.
100 1 _aPrates, E.R.
100 1 _aMuhlbach, P.R.F.
245 1 _aEfeito do hidroxido de sodio sobre o valor nutritivo da palha de trigo suplementada com farelo de soja tostado e nao-tostado para ovinos. 2: fermentacao e dinamica da fase liquida no rumen
246 1 _aNutritive value of NaOH-treated wheat straw supplemented with heated or unheated soybean meal for sheep. 2: ruminal liquid dynamics and fermentation
650 _aOVINO
650 _aRACAO
650 _aHIDROXIDO DE SODIO
650 _aPALHA
650 _aTRIGO
650 _aFARELO
650 _aVALOR NUTRITIVO
650 _aSUPLEMENTO ALIMENTAR
773 0 _tRevista da Sociedade Brasileira de Zootecnia (Brazil)
_xISSN 0100-4859
_g(Mar-Apr 1992), v. 21(2) p. 173-179
_wBR9210639
909 _a202311
_bLúcia
_c55
_dLúcia Elande
942 _2AGRIS
_n0
_cANA
999 _c138105
_d138105